Το παιδομάζωμα

Αποθηκεύτηκε σε:
Λεπτομέρειες βιβλιογραφικής εγγραφής
Κύριος συγγραφέας: Τροπαιάτης, Άλκης Κ., 1909-1999
Μορφή: Βιβλίο
Γλώσσα:Greek
Δημοσίευση: Αθήνα : Σπύρος Ν. Μπογιάτης, 1978.
Έκδοση:2η έκδ.
Σειρά:Παιδική βιβλιοθήκη (Μπαγιάτης) ; 4
Θέματα:
Ετικέτες: Προσθήκη ετικέτας
Δεν υπάρχουν, Καταχωρήστε ετικέτα πρώτοι!

MARC

LEADER 00000cam a2200000 i 4500
001 1/2886
008 100111s1978 gr | ||| |||| ||gre||
035 |l 10106182 
040 |a GR-MY-UA  |b gre  |e aacr 
041 0 |a gre 
082 7 |a 808.0683   |2 (22) 
100 1 |a Τροπαιάτης, Άλκης Κ.,   |d 1909-1999. 
245 1 3 |a Το παιδομάζωμα /   |c Άλκη Κ. Τροπαιάτη ; εικονογράφηση: Μ. Μποσταντζόγλου (Μποστ.) ; μακέτα εξωφύλλου: Βυρ. Απτοσόγλου.  
250 |a 2η έκδ. 
260 |a Αθήνα :   |b Σπύρος Ν. Μπογιάτης,   |c 1978.  
300 |a 88 σ. :   |b εικ. ;   |c 25 εκ. 
490 1 |a (Παιδική βιβλιοθήκη / Μπογιάτης ;   |v  4) 
650 0 0 |a Young adult fiction. 
650 0 0 |a Historical fiction, Greek (Modern) 
830 0 |a Παιδική βιβλιοθήκη (Μπαγιάτης)  |v  ; 4 
852 |a INST  |b SAMOS  |e 20100111  |h 808.0683 ΤΡΟ  |p 005300030933  |q 005300030933  |t BK  |y 0 
901 |a BIBL3-2010-1 
909 |a Σ  |b 158465 
970 |a ΡΟΥΣΣΟΥ  |b ΚΩΝΣΤΑΝΤΙΝΑ  |z 2010/01/11